000 00909nam a2200253Ia 4500
003 GCL
008 140319s9999 xx 000 0 ara d
040 _aGCL /
_cGCL
082 0 4 _a301.31
_bح د
100 1 _aحسين عبدالحميد احمد رشوان
245 1 0 _aدور المتغيرات الاجتماعية فى الطب والامراض دراسة فى علم الاجتماع الطبى /
_cحسين عبدالحميد احمد رشوان
260 _a[S.N] :
_bالمكتب الجامعى الحديث ،
_c1988
300 _a373 ص
490 _a
650 0 4 _aالمجتمع
650 0 4 _aالاجتماع
650 0 4 _aالتغير الاجتماعى
650 0 4 _aالطبقات الاجتماعية
650 0 4 _aالنظم الاجتماعية
650 0 4 _aالاطباء
650 0 4 _aالمرضى
650 0 4 _aالاجتماع الطبى، علم
942 _2ddc
_cBK
999 _c58540
_d58540